00411nam a2200157Ia 45000010006000000050017000060080041000230410008000640820015000721000029000872450084001162600009002003000028002096500008002376540008002451159420260306162839.0260306t2018||||xx |||||||||||||| ||spa|| aESP a985.4bM49 aMeza Bazán, MarioeAUT 0aHistoria mínima de Arequipa:bdesde los primeros pobladores hasta el presente c2018 a306 páginas :c20 cm. aGEN aCHU